Normal view
MARC view
- Widmann, Nancy C, Eisenman, Elane J, Kopelan, Amy Dorn
Entry Personal Name
001 - CONTROL NUMBER
- control field: 65772
003 - CONTROL NUMBER IDENTIFIER
- control field: NUST
005 - DATE AND TIME OF LATEST TRANSACTION
- control field: 20210628203504.0
008 - FIXED-LENGTH DATA ELEMENTS
- fixed length control field: 210628|| aca||aabn | a|a d
040 ## - CATALOGING SOURCE
- Original cataloging agency: NUST
- Transcribing agency: NUST
100 ## - HEADING--PERSONAL NAME
- Personal name: Widmann, Nancy C, Eisenman, Elane J, Kopelan, Amy Dorn
670 ## - SOURCE DATA FOUND
- Source citation: Work cat.: (NUST): Widmann, Nancy C, Eisenman, Elane J, Kopelan, Amy Dorn, I didn't see it coming, the only book you'ii ever need to avoid being blindsided in business, 2007
